| 000 | 00554nam a22001457a 4500 | ||
|---|---|---|---|
| 020 | _a0-7497-1279-1 | ||
| 082 |
_a823 _bBLY/Y |
||
| 100 | _aENID BLYTON | ||
| 245 | _aTHE YELLOW STORY BOOK | ||
| 260 |
_aGREAT BRITAIN _bMETHUEN & CO _c1991 |
||
| 300 | _a145 | ||
| 520 | _aAN ENTERTAINING COLLECTION OF STORIES IN WHICH HARRY AND LUCY TAKE AN UNEXPECTED FLIGHT TO RED BUTTON LAMD, ELEVER GREEN - EYES THE CAT STOPS A BARN FIRE, AND AN ENCHANTED BOOK TEACHES A SELFOISH BOY AN IMPORTANT LESSON! | ||
| 650 |
_aCHILDREN'S STORY BOOK _zUNITED KINGDOM |
||
| 942 | _cBK | ||
| 999 |
_c204 _d204 |
||